| 000 | 00692nam a22002297a 4500 | ||
|---|---|---|---|
| 999 |
_c4094 _d4094 |
||
| 001 | 18600 | ||
| 003 | BD-DhUAP | ||
| 005 | 20201101120039.0 | ||
| 008 | 201101r20062013ii a b 001 0 eng | ||
| 020 | _a9788126531356 | ||
| 040 |
_aBD-DhUAP _cBD-DhUAP _dBD-DhUAP _bEng |
||
| 082 | 0 | 0 |
_a510.2462 KRE _220 |
| 100 | 1 | _aKreyszig, Erwin. | |
| 245 | 1 | 0 |
_aAdvanced engineering mathematics / _cErwin Kreyszig. |
| 250 | _a9th ed. | ||
| 260 |
_aIndia : _bWiley, _cc2006 [Reprinted 2013]. |
||
| 300 |
_avarious pages : _billustrations ; _c24 cm. |
||
| 504 | _aIncludes bibliographical references and index. | ||
| 650 | 0 | _aEngineering mathematics. | |
| 650 | 0 | _aMathematical physics. | |
| 942 |
_2ddc _cBK |
||